|
|
|
|
| LEADER |
01017nam a2200277 4500 |
| 001 |
c000140888 |
| 003 |
CARM |
| 005 |
00000000000000.0 |
| 008 |
730503s1973 nyua b 00110 eng |
| 019 |
1 |
|
|a 576562
|5 LACONCORD2021
|
| 020 |
|
|
|a 0122668502
|
| 035 |
|
|
|a (OCoLC)627841
|5 LACONCORD2021
|
| 050 |
0 |
0 |
|a QP551
|b .F8428
|
| 060 |
|
|
|a QU55 C751 1973
|
| 082 |
0 |
0 |
|a 574.1/9245
|
| 100 |
1 |
|
|a Fraser, R. D. B.
|
| 245 |
1 |
0 |
|a Conformation in fibrous proteins and related synthetic polypeptides
|c [edited by] R. D. B. Fraser and T. P. MacRae.
|
| 260 |
|
|
|a New York,
|b Academic Press,
|c 1973.
|
| 300 |
|
|
|a xviii, 628 p.
|b illus.
|c 24 cm.
|
| 504 |
|
|
|a Bibliography: p. 557-597.
|
| 650 |
|
0 |
|a Proteins
|x Conformation.
|
| 650 |
|
2 |
|a Proteins.
|
| 700 |
1 |
|
|a MacRae, T. P.,
|e joint author.
|
| 852 |
8 |
|
|b CARM
|h A2:AE22C0
|i B00651
|p 0035743
|f BK
|
| 999 |
f |
f |
|i 59d892dd-42bf-5997-a8e9-2ad766a50252
|s d9470eb4-4b3e-589b-b7a6-7dd1907d4f77
|
| 952 |
f |
f |
|p Can circulate
|a CAVAL
|b CAVAL
|c CAVAL
|d CARM 1 Store
|e B00651
|f A2:AE22C0
|h Other scheme
|i book
|m 0035743
|